LEADER 01918nam2-22005771i-450- 001 990000008060203316 005 20050713153713.0 010 $a88-14-07588-3 035 $a0000806 035 $aUSA010000806 035 $a(ALEPH)000000806USA01 035 $a0000806 100 $a20000914d1999----km-y0itay01------ba 101 0 $aita 102 $aIT 105 $a||||||||001yy 200 1 $a<<3 :>> Procedimenti speciali di cognizione e i cautelari, il processo di esecuzione forzata, giurisdizione volontaria, efficacia di sentenze e di atti stranieri, arbitrati 205 $a3. ed. 210 $aMilano$cGiuffré$dcopyr. 1999 215 $a679 p$v24 cm 410 0$12001 454 1$12001 461 $10010089033$12001$aDiritto processuale civile 606 0 $aDiritto processuale civile 676 $a345.4505 700 1$aREDENTI,$bEnrico$068345 702 1$aVELLANI,$bMario 801 0$aIT$bsalbc$gISBD 912 $a990000008060203316 951 $aIG IX 317 3$b23004 G.$cIG IX 317 951 $aIV 338/3$bDIRCE 959 $aBK 969 $aGIU 969 $aDIRCE 979 $c20000914$lUSA01$h1705 979 $c20001019$lUSA01$h1053 979 $c20001019$lUSA01$h1450 979 $c20001019$lUSA01$h1458 979 $c20001019$lUSA01$h1535 979 $c20001024$lUSA01$h1511 979 $c20001027$lUSA01$h1516 979 $c20001027$lUSA01$h1520 979 $c20001110$lUSA01$h1708 979 $c20001124$lUSA01$h1204 979 $aPATTY$b90$c20020121$lUSA01$h1540 979 $c20020403$lUSA01$h1608 979 $aPATRY$b90$c20040406$lUSA01$h1602 979 $aDIRCE$b90$c20050630$lUSA01$h1236 979 $aDIRCE$b90$c20050713$lUSA01$h1537 996 $aProcedimenti speciali di cognizione e i cautelari, il processo di esecuzione forzata, giurisdizione volontaria, efficacia di sentenze e di atti stranieri, arbitrati$91515471 997 $aUNISA